Countries with the biggest militaries - Statistics

General Stats
  • This quiz has been taken 73 times
  • The average score is 16 of 24
Answer Stats
Hint Answer % Correct
3,000,000 Russia
100%
3,400,000 China
98%
1,900,000 North Korea
97%
2,230,000 USA
97%
2,600,000 India
94%
3,700,000 South Korea
92%
1,000,000 Iran
89%
1,700,000 Brazil
83%
1,200,000 Pakistan
83%
920,000 Egypt
81%
740,000 Turkey
78%
800,000 Indonesia
73%
5,500,000 VIetnam
72%
1,100,000 Ukraine
67%
640,000 Israel
63%
560,000 Thailand
59%
330,000 Colombia
52%
1,820,000 Taiwan
50%
410,000 Myanmar
48%
350,000 Morocco
39%
360,000 Greece
36%
340,000 Belarus
31%
460,000 Azerbaijan
14%
320,000 Eritrea
5%
No matching quizzes found
Score Distribution
Percent of People with Each Score
Percentile by Number Answered
Your Score History
You have not taken this quiz